Insight and analysis (Record no. 91160)
[ view plain ]
| 000 -LEADER | |
|---|---|
| fixed length control field | 01301nam a2200289 a 4500 |
| 100 1# - MAIN ENTRY--AUTHOR NAME | |
| Personal name | Beards, Andrew. |
| 245 10 - TITLE STATEMENT | |
| Title | Insight and analysis |
| 260 ## - PUBLICATION, DISTRIBUTION, ETC. (IMPRINT) | |
| Place of publication | New York, N.Y. : |
| Name of publisher | Continuum International Pub. Group, Inc., |
| Year of publication | 2010. |
| 300 ## - PHYSICAL DESCRIPTION | |
| Number of Pages | x, 272 p. |
| 505 0# - FORMATTED CONTENTS NOTE | |
| Formatted contents note | pt. 1. Knowing and consciousness -- pt. 2. Philosophy of language -- pt. 3. Post-continental trends -- pt. 4. Ethics -- pt. 5. Philosophy and theology. |
| 856 40 - ELECTRONIC LOCATION AND ACCESS | |
| Uniform Resource Identifier | http://site.ebrary.com/lib/rucke/Doc?id=10389887 |
No items available.
